KÖSEM SULTAN (Kayıt no. 976346)

MARC ayrıntıları
000 -LEADER
sabit uzunluktaki kontrol alanı 00247nam a2200097Ia 4500
001 - KONTROL NUMARASI
kontrol alanı 976346
005 - EN SON İŞLEMİN TARİH VE ZAMANI
kontrol alanı 20250826220705.0
008 - SABİT-UZUNLUKTA VERİ ÖĞELERİ--GENEL BİLGİ
sabit uzunluktaki kontrol alanı 250824s9999 xx 000 0 und d
245 #0 - ESER / YAZAR
ESER ADI KÖSEM SULTAN
Yazar Adı AHMET HALDUN TERZİOĞLU
260 ## - YAYIN, DAĞITIM, VB.
YAYIN EVİ PANAMA YAYINLARI
Mevcut
Düşüm durumu Kayıp durumu Hasar Durumu Ödünç verilmez Ana kütüphane Geçerli Kütüphane Edinilen tarih Toplam ödünç verme sayısı Barkod Son görüntüleme tarihi Son ödünç verme tarihi Fiyatın geçerli olmaya başladığı tarih Koha materyal türü
        BUHARİ ANADOLU İMAM HATİP LİSESİ BUHARİ ANADOLU İMAM HATİP LİSESİ 24.08.2025 1 10686178 25.03.2026 25.02.2026 26.08.2025 Kitaplar
Gemini Bilgi Teknolojileri A.Ş. tarafından düzenlenmiştir.